000 01614cam a2200361 i 4500
001 26442
003 Mx-PuUPA
005 20241009125207.0
008 140415s2017 mx a fr 001 0 spa d
020 _a9781456260866
_a1456260863
040 _aMx-PuUPA
_bspa
_cMx-PuUPA
_dMx-PuUPA
_erda
041 1 _aspa
_heng
100 1 _aBeer, Ferdinand P.,
_q(Ferdinand Pierre),
_d1915-2003
_eautor
_96903
240 1 0 _aMechanical of materials.
_lEspañol
245 1 0 _aMecánica de materiales /
_cFerdinand P. Beer [y otros tres] ; traductores, Elmer Murrieta Murrieta y Rodolfo Navarro
250 _aSéptima edición
264 1 _aCiudad de México :
_bMcGraw-Hill Education,
_c©2017
300 _a1 volumen (paginación varía) :
_bilustraciones ;
_c27 cm
336 _2rdacontent
_atexto
_btxt
337 _2rdamedia
_asin medio
_bn
338 _2rdacarrier
_avolumen
_bnc
650 7 _aResistencia de materiales
_2armarc
650 7 _aMateriales
_xPruebas
_2armarc
700 1 _aMurrieta Murrieta, Elmer,
_etraductor
700 1 _aNavarro, Rodolfo,
_etraductor
765 1 8 _aBeer, Ferdinand P., (Ferdinand Pierre), 1915-2003,
_tMechanical of materials.
_b 7th edition
_dNew York, NY : McGraw-Hill, ©2015
_z9780073398235
942 _2ddc
_cLI
_h620.112
_iB414
999 _c26442
_d26442